000 00422nam a2200169Ia 4500
005 20240403082716.0
008 240331s9999 xx 000 0 und d
020 _a0669051470
082 _bETH
_a330.95
245 0 _aEthical dilemmas of development in Asia
260 _aCanada :
_bHeath and Company /
_c1983.
300 _aviii, 275 p .,
650 _aSocial
650 _aEconomic
650 _aPolitical
942 _cL
999 _c2572
_d2572